Statistics for Famous Documents

Click here to take the quiz!

General Stats

  • This quiz has been taken 17,790 times
  • The average score is 9 of 17

Answer Stats

Hint Year Answer % Correct
Declared the United States to be free of Great Britain1776Declaration of {Independence}
99%
Established the limits of the monarch's power in England1215{Magna} Carta
95%
The first ten amendments to the above1791Bill of {Rights}
92%
WWI peace treaty1919Treaty of {Versailles}
80%
The primary law of the United States1788United States {Constitution}
77%
“Freed” the slaves in Confederate territory1863{Emancipation} Proclamation
68%
Biblical manuscripts discovered in the 20th century-{Dead} {Sea} Scrolls
61%
Mutual defense treaty among the Communist Bloc1955{Warsaw} Pact
57%
Agreement between the first 13 U.S. states1781Articles of {Confederation}
54%
Established the United Nations1945UN {Charter}
47%
What Martin Luther nailed to the church wall1517Ninety-Five {Theses}
42%
“Eye for an eye” laws of ancient Babylon1772 BC{Hammurabi}'s Code
42%
Ended the American Revolutionary War1783Treaty of {Paris}
36%
Frequently-flouted United Nations covenant1948{Universal} Declaration of
Human Rights
25%
Allowed Germany to annex part of Czechoslovakia1938{Munich} Agreement
20%
British intention to establish a Jewish homeland1917The {Balfour} Declaration
16%
Agreement that defined the WWII goals of the UK and USA1941{Atlantic} Charter
11%

Score Distribution

Percentile by Number Answered

Percent of People with Each Score

Your Score History

You have not taken this quiz